[Event "CRO-chT2 West"]
[Site "Rijeka"]
[Date "2020.09.12"]
[Round "1.2"]
[White "Kukuljan, Vlatko"]
[Black "Fattorich, Igor"]
[Result "1-0"]
[WhiteElo "1999"]
[BlackElo "1978"]
[PlyCount "120"]
[EventDate "2020.09.12"]
[EventType "team-tourn"]
[EventRounds "9"]
[EventCountry "CRO"]
[SourceTitle "EXT 2022"]
[Source "ChessBase"]
[SourceDate "2021.10.06"]
[SourceVersion "1"]
[SourceVersionDate "2021.10.06"]
[SourceQuality "1"]
[WhiteTeam "Drazice Rjecina"]
[BlackTeam "Rovinj Batana"]
[WhiteTeamCountry "CRO"]
[BlackTeamCountry "CRO"]

1. d4 Nf6 2. Nf3 e6 3. Bf4 b6 4. e3 Bb7 5. Bd3 d5 6. Nbd2 Nbd7 7. Ne5 c5 8. c3 c4 9. Bc2 b5 10. a3 a5 11. 0-0 Be7 12. Re1 Ra6 13. e4 dxe4 14. Nxe4 Nxe4 15. Bxe4 Bxe4 16. Rxe4 Nf6 17. Re1 Nd5 18. Bd2 a4 19. Qh5 0-0 20. Qh3 f5 21. Qg3 Bh4 22. Qh3 Bf6 23. Re2 Bxe5 24. Rxe5 Qf6 25. Rae1 h6 26. Qf3 Kh7 27. Qe2 Qg6 28. Rxe6 Rf6 29. Rxa6 Rxa6 30. Qe5 Nf6 31. f3 Rb6 32. Qc5 Nd7 33. Qd5 Nf8 34. Kf2 Ne6 35. Qe5 h5 36. Be3 Nd8 37. d5 Nf7 38. Qd4 Rd6 39. Bf4 Rb6 40. d6 Nxd6 41. Re7 Nc8 42. Rc7 Rc6 43. Qd7 Rxc7 44. Bxc7 Qa6 45. Qxf5+ Kg8 46. Qd5+ Kf8 47. Qd8+ Kf7 48. Qd7+ Kf8 49. Bf4 Qa7+ 50. Qxa7 Nxa7 51. Ke3 Nc6 52. Ke4 Ke7 53. Kd5 Na7 54. Kc5 Ke6 55. Kb6 Nc8+ 56. Kxb5 Kd5 57. Kxa4 Ne7 58. Kb5 Ng6 59. Bg3 Ne7 60. a4 Nf5 1-0

[Event "CRO-chT3 West"]
[Site "Croatia"]
[Date "2017.03.25"]
[Round "1.2"]
[White "Kukuljan, Vlatko"]
[Black "Vujnovic, Patricija"]
[Result "1/2-1/2"]
[WhiteElo "2025"]
[BlackElo "2125"]
[PlyCount "92"]
[EventDate "2017.03.25"]
[EventType "team-tourn"]
[EventRounds "9"]
[EventCountry "CRO"]
[SourceTitle "EXT 2019"]
[Source "ChessBase"]
[SourceDate "2018.10.10"]
[SourceVersion "1"]
[SourceVersionDate "2018.10.10"]
[SourceQuality "1"]

1. d4 e6 2. Nf3 f5 3. Bf4 Nf6 4. e3 Be7 5. h3 0-0 6. Bc4 d5 7. Bb3 Ne4 8. Ne5 Nd7 9. Nd2 c5 10. c3 cxd4 11. exd4 Bg5 12. Nxd7 Bxd7 13. g3 Bxf4 14. gxf4 Qh4 15. Qf3 Bc6 16. Rh2 Nf6 17. Qg3 Qh6 18. Bd1 Ne4 19. Qe3 Rf6 20. Be2 Be8 21. 0-0-0 Bh5 22. Bxh5 Qxh5 23. Rg1 Rg6 24. Rhg2 Rxg2 25. Rxg2 Re8 26. Kc2 Nxd2 27. Kxd2 Re7 28. Rg5 Qe8 29. Qe5 h6 30. Rg3 a6 31. Kc2 Qa4+ 32. Kc1 Kh7 33. a3 Qc4 34. Qe1 Qc7 35. Qe3 Qb8 36. Rg1 Qe8 37. Qe5 Qh5 38. Rg3 Qe8 39. Qe2 Qb8 40. Qe3 Qe8 41. Qf3 Rf7 42. Qe2 Rf6 43. Qe5 Rg6 44. Qe2 Rf6 45. Re3 Qb8 46. Re5 Qd6 1/2-1/2

[Event "Mediterranean op-B 4th"]
[Site "Rijeka"]
[Date "2010.11.14"]
[Round "2"]
[White "Pejic, Irving"]
[Black "Kukuljan, Vlatko"]
[Result "0-1"]
[WhiteElo "2116"]
[BlackElo "1950"]
[PlyCount "68"]
[EventDate "2010.11.13"]
[EventType "swiss"]
[EventRounds "9"]
[EventCountry "CRO"]
[SourceTitle "EXT 2011"]
[Source "ChessBase"]
[SourceDate "2010.11.26"]
[SourceVersion "1"]
[SourceVersionDate "2010.11.26"]
[SourceQuality "1"]

1. e4 c6 2. d4 d5 3. exd5 cxd5 4. c4 e6 5. Nc3 Nf6 6. Bg5 dxc4 7. Bxc4 Be7 8. Nf3 0-0 9. 0-0 Nc6 10. a3 Nd5 11. Bxe7 Ncxe7 12. Ne5 b6 13. Re1 Bb7 14. Qd2 Rc8 15. Bd3 Ng6 16. Nxg6 hxg6 17. Be4 Ba8 18. Rac1 Qd7 19. Qg5 Nxc3 20. bxc3 Bxe4 21. Rxe4 Qa4 22. Re3 Qxd4 23. Rh3 Qf6 24. Qg4 Rfd8 25. Rf3 Qd4 26. Qxd4 Rxd4 27. Kf1 Rd2 28. Rf4 Ra2 29. Ra4 Rc7 30. c4 Rd7 31. Ke1 Rdd2 32. c5 Re2+ 33. Kf1 Rxf2+ 34. Ke1 Rxg2 0-1

[Event "CRO-Cup 19th"]
[Site "Sibenik"]
[Date "2010.05.19"]
[Round "1"]
[White "Kukuljan, Vlatko"]
[Black "Grgic, Miroslav"]
[Result "1-0"]
[WhiteElo "1943"]
[BlackElo "1963"]
[PlyCount "69"]
[EventDate "2010.05.19"]
[EventType "team-tourn"]
[EventRounds "6"]
[EventCountry "CRO"]
[SourceTitle "CBM 136 Extra"]
[Source "ChessBase"]
[SourceDate "2010.07.02"]
[SourceVersion "2"]
[SourceVersionDate "2010.07.15"]
[SourceQuality "1"]

1. d4 Nf6 2. Nf3 g6 3. Bg5 Bg7 4. e3 d6 5. Nbd2 b6 6. Be2 Bb7 7. c3 Nbd7 8. 0-0 0-0 9. h3 c5 10. a4 Rc8 11. a5 Bxf3 12. Nxf3 c4 13. axb6 axb6 14. Qa4 d5 15. Qb5 Qc7 16. Bxf6 Nxf6 17. Ra6 Rb8 18. Ne5 e6 19. Rfa1 Rb7 20. Bf3 Ne8 21. Nxc4 dxc4 22. Bxb7 Qxb7 23. Qxb6 Qe4 24. Qc6 Nf6 25. Qxc4 h5 26. b4 Rd8 27. Qc7 Rd7 28. Qc8+ Kh7 29. c4 Qb7 30. Qxb7 Rxb7 31. b5 g5 32. Ra7 Rxa7 33. Rxa7 Kg6 34. b6 Bf8 35. c5 1-0

[Event "Mediterranean-ch 7th"]
[Site "Rijeka"]
[Date "2009.09.11"]
[Round "1"]
[White "Firat, Burak"]
[Black "Kukuljan, Vlatko"]
[Result "1-0"]
[WhiteElo "2365"]
[BlackElo "1903"]
[PlyCount "49"]
[EventDate "2009.09.11"]
[EventType "swiss"]
[EventRounds "9"]
[EventCountry "CRO"]
[SourceTitle "CBM 132 Extra"]
[Source "ChessBase"]
[SourceDate "2009.11.03"]
[SourceVersion "1"]
[SourceVersionDate "2009.11.03"]
[SourceQuality "1"]

1. e4 c6 2. d4 d5 3. Nc3 dxe4 4. Nxe4 Nd7 5. Bd3 Ngf6 6. Ng5 e6 7. N1f3 g6 8. Qe2 Qe7 9. Ne5 Nxe5 10. dxe5 Nd5 11. Ne4 h6 12. Nd6+ Kd8 13. c4 Nc7 14. Bd2 Qd7 15. Bc3 Rh7 16. Ne4 Ne8 17. 0-0 b6 18. Rfd1 Kc7 19. a4 a5 20. c5 bxc5 21. Bc4 Qe7 22. Ra3 Ra7 23. Rb3 Rb7 24. Bxa5+ Kb8 25. Bd8 1-0

[Event "CRO-ch U19"]
[Site "Bjelolasica"]
[Date "2009.07.30"]
[Round "7"]
[White "Ivandija, Martin"]
[Black "Kukuljan, Vlatko"]
[Result "0-1"]
[WhiteElo "1729"]
[BlackElo "1892"]
[PlyCount "38"]
[EventDate "2009.07.26"]
[EventType "swiss"]
[EventRounds "9"]
[EventCountry "CRO"]
[SourceTitle "CBM 131 Extra"]
[Source "ChessBase"]
[SourceDate "2009.09.03"]
[SourceVersion "2"]
[SourceVersionDate "2009.09.16"]
[SourceQuality "1"]

1. d4 d5 2. g3 Nf6 3. Bg2 Bg4 4. Nf3 e6 5. 0-0 h6 6. c4 c6 7. Nc3 Nbd7 8. b3 Bd6 9. Re1 0-0 10. Qc2 Bf5 11. Qd1 Ne4 12. Bb2 Bb4 13. Rc1 Qa5 14. a3 Bxc3 15. b4 Bxb4 16. Rf1 Be7 17. Qb3 Qb6 18. Qxb6 axb6 19. cxd5 exd5 0-1

[Event "CRO-chT U20 17th"]
[Site "Sv Filip i Jakov"]
[Date "2008.03.30"]
[Round "11"]
[White "Ivekovic, Josip"]
[Black "Kukuljan, Vlatko"]
[Result "1/2-1/2"]
[WhiteElo "2089"]
[BlackElo "1898"]
[PlyCount "68"]
[EventDate "2008.03.25"]
[EventType "team-tourn"]
[EventRounds "11"]
[EventCountry "CRO"]
[SourceTitle "EXT 2010"]
[Source "ChessBase"]
[SourceDate "2010.11.25"]
[SourceVersion "1"]
[SourceVersionDate "2010.11.25"]
[SourceQuality "1"]

1. d4 d5 2. Bf4 Nf6 3. e3 c5 4. c3 Nc6 5. Nd2 Bf5 6. Ngf3 e6 7. Ne5 Qb6 8. Qb3 c4 9. Qxb6 axb6 10. a3 b5 11. Rc1 Be7 12. Be2 Ne4 13. Nxe4 dxe4 14. g4 Bg6 15. Nxg6 hxg6 16. f3 exf3 17. Bxf3 0-0-0 18. 0-0 f6 19. Bg3 Bd6 20. Bxd6 Rxd6 21. Kg2 Ne7 22. Kg3 g5 23. Bg2 Nd5 24. Rce1 Rdd8 25. h3 Kc7 26. Bxd5 exd5 27. e4 dxe4 28. Rxe4 Rde8 29. Rfe1 Rxe4 30. Rxe4 Kd6 31. Re1 g6 32. Re3 Kd7 33. Re1 Kd6 34. Re3 Kd7 1/2-1/2

[Event "CRO-chT U20 17th"]
[Site "Sv Filip i Jakov"]
[Date "2008.03.28"]
[Round "7"]
[White "Filipovic, Ivan"]
[Black "Kukuljan, Vlatko"]
[Result "1-0"]
[WhiteElo "1996"]
[BlackElo "1898"]
[PlyCount "49"]
[EventDate "2008.03.25"]
[EventType "team-tourn"]
[EventRounds "11"]
[EventCountry "CRO"]
[SourceTitle "EXT 2010"]
[Source "ChessBase"]
[SourceDate "2010.11.25"]
[SourceVersion "1"]
[SourceVersionDate "2010.11.25"]
[SourceQuality "1"]

1. e4 c6 2. d4 d5 3. f3 e6 4. Nc3 Bd6 5. Be3 b6 6. Qd2 Bb7 7. e5 Bc7 8. Bd3 Ne7 9. Nh3 Nd7 10. 0-0 c5 11. f4 cxd4 12. Bxd4 Nc5 13. Bb5+ Bc6 14. Rae1 Bxb5 15. Nxb5 Nf5 16. Qc3 Nxd4 17. Nxd4 0-0 18. Nf2 Qd7 19. b4 Na4 20. Qh3 b5 21. f5 exf5 22. Nxf5 Qe6 23. Ng4 Bb6+ 24. Kh1 Rac8 25. Nf6+ 1-0

[Event "CRO-chT U20 17th"]
[Site "Sv Filip i Jakov"]
[Date "2008.03.27"]
[Round "6"]
[White "Kukuljan, Vlatko"]
[Black "Kruljac, Petra"]
[Result "1/2-1/2"]
[WhiteElo "1898"]
[BlackElo "2062"]
[PlyCount "34"]
[EventDate "2008.03.25"]
[EventType "team-tourn"]
[EventRounds "11"]
[EventCountry "CRO"]
[SourceTitle "EXT 2010"]
[Source "ChessBase"]
[SourceDate "2010.11.25"]
[SourceVersion "1"]
[SourceVersionDate "2010.11.25"]
[SourceQuality "1"]

1. e4 e6 2. b3 d5 3. Bb2 dxe4 4. Nc3 Nf6 5. Qe2 Bb4 6. 0-0-0 Bxc3 7. Bxc3 Nbd7 8. g4 h6 9. Bg2 a5 10. Bxe4 a4 11. f4 axb3 12. axb3 Nxe4 13. Qxe4 Nf6 14. Qg2 Nd5 15. Bxg7 Rg8 16. Bb2 h5 17. h3 Bd7 1/2-1/2

[Event "CRO-ch U17"]
[Site "Bjelolasica"]
[Date "2007.08.02"]
[Round "5"]
[White "Kukuljan, Vlatko"]
[Black "Sikimic, Goran"]
[Result "1/2-1/2"]
[WhiteElo "1919"]
[BlackElo "1862"]
[PlyCount "60"]
[EventDate "2007.07.30"]
[EventType "swiss"]
[EventRounds "9"]
[EventCountry "CRO"]
[SourceTitle "CBM 119 Extra"]
[Source "ChessBase"]
[SourceDate "2007.09.04"]
[SourceVersion "1"]
[SourceVersionDate "2007.09.04"]
[SourceQuality "1"]

1. d4 d5 2. Nf3 e6 3. Bf4 c5 4. c3 Nc6 5. e3 Qb6 6. Qb3 Qxb3 7. axb3 cxd4 8. exd4 Nge7 9. Nbd2 a6 10. Bd3 Ng6 11. Bg3 Bd7 12. 0-0 Be7 13. b4 Na7 14. Nb3 Bb5 15. Bxb5+ Nxb5 16. Nc5 Bxc5 17. bxc5 f6 18. Rfe1 Kf7 19. Nh4 Rhe8 20. Nxg6 hxg6 21. Re2 Re7 22. h3 g5 23. Kf1 Rh8 24. f3 Rhe8 25. Rae1 Na7 26. Bd6 Rd7 27. Kf2 Nc6 28. Bh2 Rde7 29. Bd6 Rd7 30. Bg3 Rde7 1/2-1/2

[Event "CRO-chT U20 16th"]
[Site "Sv Filip i Jakov"]
[Date "2007.04.10"]
[Round "2"]
[White "Kukuljan, Vlatko"]
[Black "Srsan, Matija"]
[Result "0-1"]
[WhiteElo "1924"]
[BlackElo "1655"]
[PlyCount "102"]
[EventDate "2007.04.10"]
[EventType "team-tourn"]
[EventRounds "11"]
[EventCountry "CRO"]
[SourceTitle "EXT 2010"]
[Source "ChessBase"]
[SourceDate "2010.11.25"]
[SourceVersion "1"]
[SourceVersionDate "2010.11.25"]
[SourceQuality "1"]

1. d4 d6 2. Nf3 g6 3. Bg5 Bg7 4. c3 Nd7 5. Nbd2 Ngf6 6. h3 c5 7. e3 0-0 8. Be2 a6 9. 0-0 Re8 10. Qb3 Qb6 11. Qc2 Nf8 12. Nc4 Qc7 13. Qb3 Be6 14. Qb6 Nd5 15. Qxc7 Nxc7 16. Bf4 Nd5 17. Bh2 b5 18. Ncd2 cxd4 19. exd4 Nb6 20. Bf4 Bd7 21. Rfe1 Ne6 22. Bg3 Bc6 23. Bd3 Bh6 24. Bh4 Kf8 25. Bg3 Nf4 26. Bc2 Nxg2 27. Kxg2 Bxd2 28. Re2 Nc4 29. b3 Bxc3 30. Rc1 Nd2 31. Rxd2 Bxd2 32. Rd1 Bxf3+ 33. Kxf3 Bc3 34. Be4 Rab8 35. Ke3 b4 36. f4 e5 37. dxe5 dxe5 38. f5 Bd4+ 39. Ke2 Rec8 40. Rf1 Rc3 41. Bd3 Re8 42. fxg6 hxg6 43. Be1 e4 44. Bxa6 Rc2+ 45. Kd1 Rxa2 46. Bc4 f5 47. h4 Rea8 48. Bxb4+ Kg7 49. Bd2 Ra1+ 50. Bc1 Be3 51. Kc2 R8a2+ 0-1